000 01213cam a2200349 i 4500
999 _c128449
_d128449
001 19417171
003 ARRUPE
005 20181030095014.0
008 161014s2016 fr 000 0bfre
010 _a 2016519161
020 _a9782918975694
035 _a(NL-AmEBA)NTS239980
040 _aDLC
_beng
_cDLC
_erda
042 _apcc
043 _ances---
050 0 0 _aBX4705.R669
_bM217 2001
100 1 _aMaier, Martin.
_943148
245 1 0 _aOscar Romero :
_bmeister der spiritualitat /
_cMartin Maier, s.j.
260 _aBasel
_bHerder
_c2001
300 _a191 p. ;
_c19 cm.
600 1 0 _aRomero, Óscar A.
_q(Óscar Arnulfo),
_d1917-1980.
_94771
610 2 0 _aCatholic Church
_zEl Salvador
_xBishops
_vBiography.
_943149
906 _a7
_bcbc
_corigres
_d3
_encip
_f20
_gy-gencatlg
942 _2lcc
_cMONOGRAPH